2022 Detroit Tigers Leaders - Statistics

General Stats
  • This quiz has been taken 10 times
  • The average score is 3 of 54
Answer Stats
Statistic Player % Correct
Oldest - 39 Miguel Cabrera
100%
Youngest - 21 Riley Greene
56%
CS - 6 Akil Baddoo
11%
SB - 9 Baddoo/Baez/Castro
11%
3B - 4 Baez/Greene
11%
BA - .271 Harold Castro
11%
G (Batting) - 144 Javier Baez
11%
PA - 590 Javier Baez
11%
AB - 555 Javier Baez
11%
R (Batting) - 64 Javier Baez
11%
H (Batting) - 132 Javier Baez
11%
2B - 27 Javier Baez
11%
HR (Batting) - 17 Javier Baez
11%
RBI - 67 Javier Baez
11%
SO (Batting) - 147 Javier Baez
11%
TB - 218 Javier Baez
11%
W - 7 Lange/Skubal
11%
OBP - .321 Riley Greene
11%
BB (Batting) - 38 Robbie Grossman
11%
R (Pitching) - 58 Alexander/Hutchison
0%
L - 11 Alexander/Soto
0%
G (Pitching) - 71 Alex Lange
0%
WP - 15 Alex Lange
0%
H9 - 6.7 Alex Lange
0%
ERA - 2.83 Andrew Chafin
0%
ERA+ - 137 Andrew Chafin
0%
BK - 1 Brieske/Foley
0%
SH - 3 Castro/Hill
0%
H (Pitching) - 114 Drew Hutchison
0%
BB (Pitching) - 42 Drew Hutchison
0%
SLG - .443 Eric Haase
0%
OPS - .748 Eric Haase
0%
OPS+ - 113 Eric Haase
0%
HR9 - 0.3 Foley/Soto
0%
GF - 54 Gregory Soto
0%
SV - 30 Gregory Soto
0%
HBP (Pitching) - 7 Gregory Soto
0%
W-L% - 1.000 Jason Foley
0%
BB9 - 1.6 Jason Foley
0%
FIP - 2.00 Joe Jimenez
0%
SO9 - 12.2 Joe Jimenez
0%
SO/W - 5.92 Joe Jimenez
0%
GDP - 15 Jonathan Schoop
0%
IBB (Pitching) - 4 Michael Fulmer
0%
SF - 5 Miguel Cabrera
0%
IBB (Batting) - 3 Miguel Cabrera
0%
WHIP - 1.039 Rony Garcia
0%
GS - 21 Tarik Skubal
0%
IP - 117.2 Tarik Skubal
0%
SO (Pitching) - 117 Tarik Skubal
0%
BF - 477 Tarik Skubal
0%
ER - 54 Tyler Alexander
0%
HR (Pitching) - 18 Tyler Alexander
0%
HBP (Batting) - 8 Willi Castro
0%
No matching quizzes found
Score Distribution
Percent of People with Each Score
Percentile by Number Answered
Your Score History
You have not taken this quiz